Islam in history and society

Bibliographic Details
Main Author: Malek Bennabi
Other Authors: Asma Rashid
Format: Book
Published: Kuala Lumpur : Berita Publishing , 1991
Subjects:

MARC

LEADER 00000cam a2200000 7i4500
001 0000005780
002 000006247
005 20000330.0
020 |a 9679692353 
090 0 0 |a 297.0965   |b MAL 
100 0 |a Malek Bennabi 
245 1 0 |a Islam in history and society   |c Malek Bennabi 
260 |a Kuala Lumpur :   |b Berita Publishing ,   |c 1991 
300 |a 120 p. ;   |c 23 cm. 
650 0 0 |a Islam and politics   |z Algeria 
650 0 0 |a Islam and state   |z Algeria 
700 0 |a Asma Rashid 
999 |a 037754   |b BUKU   |c PINJAMAN   |e PERPUSTAKAAN KOMUNITI PETALING JAYA